Guatemala, autoritarismo y democracia /
Сохранить в:
| Главный автор: | |
|---|---|
| Формат: | Неизвестно |
| Язык: | Spanish |
| Опубликовано: |
San José, Costa Rica :
EDUCAFLACSO,
1987.
|
| Предметы: | |
| Метки: |
Добавить метку
Нет меток, Требуется 1-ая метка записи!
|
MARC
| LEADER | 000000000a22000000004500 | ||
|---|---|---|---|
| 001 | 002158 | ||
| 020 | |a 9977300976 | ||
| 041 | 0 | |a spa | |
| 082 | 0 | 4 | |a 320.472.81 |b S688g |
| 100 | 1 | |a Solórzano Martínez, Mario | |
| 245 | 1 | 0 | |a Guatemala, autoritarismo y democracia / |c Mario Solórzano Martínez. |
| 260 | 1 | |a San José, Costa Rica : |b EDUCAFLACSO, |c 1987. | |
| 300 | |a 342 páginas | ||
| 650 | 4 | |a GUATEMALA | |
| 650 | 4 | |a CONDICIONES SOCIALES | |
| 650 | 4 | |a POLITICA | |
| 650 | 4 | |a ASPECTOS POLITICOS | |
| 999 | |c 8741 |d 8741 | ||
| 942 | |c BK |h 320.472.81 S688g |2 z | ||



